100 największych miast w Europie w 1850 roku z mapą - Statystyki

Ogólne statystyki
  • Ten quiz został rozwiązany 57 razy
    51 od ostatniego zresetowania
  • Średni wynik to 67 z 100
Odpowiedzi na mapie
Odpowiedzi zakodowano w zielono-czerwonej skali na mapie do tego quizu, zgodnie z poniższymi procentami.
 
Statystyki odpowiedzi
Populacja Miasto % Poprawnych
437 tys. Berlin
100%
64 tys. Gdańsk
100%
167 tys. Warszawa
100%
431 tys. Wiedeń
100%
225 tys. Amsterdam
98%
96 tys. Buda
98%
149 tys. Hamburg
98%
61 tys. Kijów
98%
130 tys. Kopenhaga
98%
250 tys. Lizbona
98%
2,24 mil. Londyn
98%
1,05 mil. Paryż
98%
554 tys. Petersburg
98%
74 tys. Porto
98%
785 tys. Stambuł
98%
220 tys. Barcelona
96%
104 tys. Bukareszt
96%
262 tys. Dublin
96%
76 tys. Królewiec
96%
100 tys. Łódź
96%
281 tys. Madryt
96%
100 tys. Monachium
96%
440 tys. Moskwa
96%
118 tys. Praga
96%
70 tys. Ryga
96%
175 tys. Rzym
96%
93 tys. Sztokholm
96%
114 tys. Wrocław
96%
195 tys. Marsylia
93%
209 tys. Mediolan
93%
132 tys. Bruksela
91%
303 tys. Manchester
91%
409 tys. Neapol
91%
160 tys. Edynburg
89%
168 tys. Palermo
89%
177 tys. Lyon
87%
65 tys. Peszt
87%
127 tys. Wenecja
87%
94 tys. Florencja
85%
70 tys. Saloniki
85%
233 tys. Birmingham
83%
345 tys. Glasgow
83%
68 tys. Lwów
83%
100 tys. Odessa
83%
113 tys. Sewilla
83%
97 tys. Drezno
80%
376 tys. Liverpool
80%
137 tys. Turyn
80%
130 tys. Bordeaux
78%
62 tys. Frankfurt nad Menem
78%
87 tys. Walencja
78%
88 tys. Antwerpia
76%
87 tys. Belfast
76%
110 tys. Kolonia
76%
72 tys. Haga
74%
172 tys. Leeds
74%
128 tys. Genua
72%
59 tys. Kiszyniów
72%
90 tys. Rotterdam
72%
93 tys. Malaga
70%
66 tys. Strasburg
70%
74 tys. Bolonia
67%
75 tys. Lille
67%
63 tys. Lipsk
67%
93 tys. Tuluza
67%
137 tys. Bristol
63%
85 tys. Cork
61%
65 tys. Katania
61%
64 tys. Triest
54%
61 tys. Brest
52%
96 tys. Nantes
52%
61 tys. Leicester
46%
76 tys. Liége
46%
62 tys. Mesyna
43%
107 tys. Gandawa
41%
62 tys. Grenada
41%
135 tys. Sheffield
41%
72 tys. Aberdeen
39%
72 tys. Magdeburg
37%
99 tys. Nottingham
37%
62 tys. Kadyks
33%
66 tys. Brighton
28%
68 tys. Norwich
28%
79 tys. Dundee
22%
65 tys. Sunderland
22%
57 tys. Metz
20%
72 tys. Portsmouth
20%
85 tys. Edirne
17%
62 tys. Saratów
17%
88 tys. Newcastle upon Tyne
15%
101 tys. Rouen
15%
84 tys. Livorno
13%
69 tys. Tulon
13%
110 tys. Bradford
9%
61 tys. Bolton
7%
85 tys. Kingston upon Hull
4%
70 tys. Preston
4%
85 tys. Salford
2%
57 tys. Ashton-under-Lyne
0%
57 tys. Greenwich
0%
Nie znaleziono quizów pasujących do podanych kryteriów
Rozkład punktacji
Procent ludzi z każdym wynikiem
Percentyl według liczby udzielonych odpowiedzi
Twoja historia wyników
Nie rozwiązałeś tego quizu od ostatniego zresetowania